00461nam a2200169Ia 4500020001500000082002000015245005300035260002700088300001400115440003100129504001900160650002600179650002600205700002200231700002100253700001700274 a8185182566 aRR 332.042 ADJ- 0aAdjustment and liberalization in the third world aNew DelhibIndusc1991 av.12, 855 aNew world order series; 12 aincludes index aInternational Finance aStructural Adjustment aTandon, Rameshwar aHatti, Neelambar aSinger, H.W.